| 000 | 00715nam a22002297a 4500 | ||
|---|---|---|---|
| 003 | dpl | ||
| 005 | 20250904114829.0 | ||
| 008 | 240724b |||||||| |||| 00| 0 eng d | ||
| 010 | _aENG-146625 | ||
| 020 |
_a9789349015661 _c795.00 |
||
| 035 | _aEN-130157 | ||
| 037 | _bDBAD | ||
| 040 |
_aDPL _c0 |
||
| 082 |
_a342.54 _21 |
||
| 100 |
_aNariman, Rohinton _984720 |
||
| 245 |
_aThe Basic Structure Doctrine: _cRohinton Nariman _bProtector of Constitutional Integrity/ |
||
| 250 | _a1 | ||
| 260 |
_aHaryana _bLexis Nexis _c2025 |
||
| 270 |
_a14th floor, building no.10, tower B, DLF cyber city, Phase-II _bGurgaon _e122002 |
||
| 300 |
_a384p. _c24cm(Hb) _bindex |
||
| 942 |
_2ddc _cEN _h342.54 _mNAR |
||
| 999 |
_c213322 _d213322 |
||